00438 2200181 4500001002100000005001500021008004100036020002200077035001900099041000700118082001100125090001700136100001900153245002000172260002200192300002800214650001400242INLIS00000000000265920241224112559241224||||||||| | ||| |||| || |  a978-979-027-290-3 0010-1224002659 aid0 a796.03 a796.03 MUG k0 aMugi Mustamant00aKamus Olah Raga bTitian Ilmuc2013 aiv+116 hlm;14.5 x 21 cm 0aOlah Raga